ALL 15 idntt members by pictures - Statistics

General Stats
  • This quiz has been taken 17 times
  • The average score is 11 of 15
Answer Stats
Picture Answer % Correct
kimdohun
88%
choitaein
75%
hwangeunsoo
75%
kimheeju
75%
kimjuho
75%
leecheongmyeong
75%
leejaeyoung
75%
parknuri
75%
choigyeongbeen
63%
hanyejoon
63%
kimseongjun
63%
leehwanhee
63%
leekyuhyuk
63%
namjiwoon
63%
towa
63%
No matching quizzes found
Score Distribution
Percent of People with Each Score
Percentile by Number Answered
Your Score History
You have not taken this quiz